Loading...
Auditory Arts | 6 | 16.67 | 100% | 50% | 17% |
Beliefs | 6 | 16.67 | 100% | 50% | 17% |
Current Events | 4 | 15.00 | 100% | 25% | 25% |
Fine Arts - Other Arts | 7 | 18.57 | 100% | 71% | 14% |
Geography | 1 | 10.00 | 100% | 0% | 0% |
History - American History | 5 | 24.00 | 100% | 100% | 40% |
History - Ancient History | 3 | 26.67 | 100% | 100% | 67% |
History - European History | 5 | 24.00 | 100% | 100% | 40% |
History - World History | 5 | 20.00 | 100% | 80% | 20% |
Literature - American Literature | 5 | 24.00 | 100% | 100% | 40% |
Literature - British Literature | 6 | 21.67 | 100% | 83% | 33% |
Literature - European Literature | 4 | 22.50 | 100% | 100% | 25% |
Literature - World Literature | 6 | 30.00 | 100% | 100% | 100% |
Other Academic | 2 | 5.00 | 0% | 50% | 0% |
Philosophy | 5 | 18.00 | 80% | 80% | 20% |
Science - Biology | 5 | 14.00 | 100% | 20% | 20% |
Science - Chemistry | 3 | 16.67 | 100% | 67% | 0% |
Science - Other Science | 4 | 12.50 | 50% | 25% | 50% |
Science - Physics | 6 | 18.33 | 100% | 83% | 0% |
Social Science | 5 | 12.00 | 100% | 20% | 0% |
Visual Arts | 7 | 15.71 | 86% | 57% | 14% |